Loading...

Pustaka visappu/

Bibliographic Details
Other Authors: Escarpit Robert (ed.), Barker Ronald (ed.)
Format: Printed Book
Published: Thiruvananthapuram: Kerala Bhasha Institute, 1979.
Subjects:
LEADER 00522nam a22001451a 4500
082 |a M 025  |b L75 
245 |a Pustaka visappu/  |c edited by Barker Ronald. 
260 |a Thiruvananthapuram:  |b Kerala Bhasha Institute,  |c 1979. 
300 |a 162p. 
650 |a Library Science  |9 85182 
700 |a Escarpit Robert (ed.)  |9 85183 
700 |a Barker Ronald (ed.)  |9 85184 
942 |c BK 
999 |c 36631  |d 36631 
952 |0 0  |1 0  |4 0  |6 M_025_000000000000000_L75  |7 0  |9 52956  |a SSUS  |b SSUS  |d 2015-01-08  |g 7.00  |o M 025 L75  |p 012471  |r 2015-01-08  |v 0.00  |w 2015-01-08  |y BK